01056nam a2200241 a 450000100060000000300080000600500170001400800410003103500190007204000410009104100080013208200290014024502450016926000390041430000250045349000540047850400180053265000470055065000270059770000230062471101120064783000550075949538BD-RjUL20211209054707.0160821s1970 nyu 000 0 eng d a(BD-RjUL)49657 aNLGGCefobidrtbbdutcNLGGCdBD-RjUL aeng 223a362.707152bREP 197000aReport of the Interregional seminar on the training of professional and voluntary youth leaders :corganized jointly by the United Nations, the United Nations Educational, Scientific and Cultural Organization and the Government of Denmark / aNew York :bUnited Nations,c1970. aiv, 127 p. ;c28 cm.1 aUnited Nations publication: Sales no. E.70.II.H.4 aMet lit. opg. aSocial work with youthxStudy and teaching aSocial work with youth1 aWoods, Dorothea E.2 aInterregional seminar on the training of professional and voluntary leadersd(06-10-1969 :cHolte, Denmark) 0aUnited Nations publication: Sales no. E.70.II.H.4.